Koniec slovenského tigra

Hospodárske dobiehanie Západu sa v posledných rokov zastavilo, výkonnosť slovenského hospodárstva stagnuje od roku 2013. Minister financií vidí príčinu v absencii reforiem. Pre ďalšie dobiehanie sa budú musieť existujúci pracujúci postupne presúvať k činnostiam s vyššou pridanou hodnotou. Nevyhnutné...

Descripción completa

Guardado en:
Detalles Bibliográficos
Autor principal: Lehuta, Michal
Formato: Capítulo de libro
Lenguaje:eslovaco
Materias:
Etiquetas: Agregar Etiqueta
Sin Etiquetas, Sea el primero en etiquetar este registro!

MARC

LEADER 00000naa a2200000 4500
001 0237630
005 20221104112639.5
041 0 |a slo 
044 |a SK 
245 1 0 |a Koniec slovenského tigra  |c Michal Lehuta 
520 |a Hospodárske dobiehanie Západu sa v posledných rokov zastavilo, výkonnosť slovenského hospodárstva stagnuje od roku 2013. Minister financií vidí príčinu v absencii reforiem. Pre ďalšie dobiehanie sa budú musieť existujúci pracujúci postupne presúvať k činnostiam s vyššou pridanou hodnotou. Nevyhnutné je ale kvalitné celoživotné vzdelávanie, prívetivejšie podnikateľské prostredie a profesionálna verejná správa. 
610 2 0 |a Slovensko 
610 2 0 |a hospodárstvo národné 
610 2 0 |a rast hospodársky 
610 2 0 |a produkt domáci hrubý 
610 2 0 |a výkonnosť ekonomiky 
100 1 |a Lehuta, Michal